<?xml version="1.0" encoding="UTF-8"?>
<collection xmlns="http://www.loc.gov/MARC21/slim">
 <record>
  <leader>03986nam a22005895i 4500</leader>
  <controlfield tag="001">978-3-319-11373-9</controlfield>
  <controlfield tag="003">DE-He213</controlfield>
  <controlfield tag="005">20200630160722.0</controlfield>
  <controlfield tag="007">cr nn 008mamaa</controlfield>
  <controlfield tag="008">140919s2014    gw |    s    |||| 0|eng d</controlfield>
  <datafield tag="020" ind1=" " ind2=" ">
   <subfield code="a">9783319113739</subfield>
   <subfield code="9">978-3-319-11373-9</subfield>
  </datafield>
  <datafield tag="024" ind1="7" ind2=" ">
   <subfield code="a">10.1007/978-3-319-11373-9</subfield>
   <subfield code="2">doi</subfield>
  </datafield>
  <datafield tag="050" ind1=" " ind2="4">
   <subfield code="a">HF54.5-54.56</subfield>
  </datafield>
  <datafield tag="072" ind1=" " ind2="7">
   <subfield code="a">KJQ</subfield>
   <subfield code="2">bicssc</subfield>
  </datafield>
  <datafield tag="072" ind1=" " ind2="7">
   <subfield code="a">BUS083000</subfield>
   <subfield code="2">bisacsh</subfield>
  </datafield>
  <datafield tag="072" ind1=" " ind2="7">
   <subfield code="a">KJQ</subfield>
   <subfield code="2">thema</subfield>
  </datafield>
  <datafield tag="072" ind1=" " ind2="7">
   <subfield code="a">UF</subfield>
   <subfield code="2">thema</subfield>
  </datafield>
  <datafield tag="082" ind1="0" ind2="4">
   <subfield code="a">650</subfield>
   <subfield code="2">23</subfield>
  </datafield>
  <datafield tag="082" ind1="0" ind2="4">
   <subfield code="a">658.05</subfield>
   <subfield code="2">23</subfield>
  </datafield>
  <datafield tag="245" ind1="1" ind2="0">
   <subfield code="a">Information Systems: Education, Applications, Research</subfield>
   <subfield code="h">[electronic resource] :</subfield>
   <subfield code="b">7th SIGSAND/PLAIS EuroSymposium 2014, Gdańsk, Poland, September 25, 2014, Proceedings /</subfield>
   <subfield code="c">edited by Stanisław Wrycza.</subfield>
  </datafield>
  <datafield tag="250" ind1=" " ind2=" ">
   <subfield code="a">1st ed. 2014.</subfield>
  </datafield>
  <datafield tag="264" ind1=" " ind2="1">
   <subfield code="a">Cham :</subfield>
   <subfield code="b">Springer International Publishing :</subfield>
   <subfield code="b">Imprint: Springer,</subfield>
   <subfield code="c">2014.</subfield>
  </datafield>
  <datafield tag="300" ind1=" " ind2=" ">
   <subfield code="a">X, 89 p. 25 illus.</subfield>
   <subfield code="b">online resource.</subfield>
  </datafield>
  <datafield tag="336" ind1=" " ind2=" ">
   <subfield code="a">text</subfield>
   <subfield code="b">txt</subfield>
   <subfield code="2">rdacontent</subfield>
  </datafield>
  <datafield tag="337" ind1=" " ind2=" ">
   <subfield code="a">computer</subfield>
   <subfield code="b">c</subfield>
   <subfield code="2">rdamedia</subfield>
  </datafield>
  <datafield tag="338" ind1=" " ind2=" ">
   <subfield code="a">online resource</subfield>
   <subfield code="b">cr</subfield>
   <subfield code="2">rdacarrier</subfield>
  </datafield>
  <datafield tag="347" ind1=" " ind2=" ">
   <subfield code="a">text file</subfield>
   <subfield code="b">PDF</subfield>
   <subfield code="2">rda</subfield>
  </datafield>
  <datafield tag="490" ind1="1" ind2=" ">
   <subfield code="a">Lecture Notes in Business Information Processing,</subfield>
   <subfield code="x">1865-1348 ;</subfield>
   <subfield code="v">193</subfield>
  </datafield>
  <datafield tag="505" ind1="0" ind2=" ">
   <subfield code="a">Part: Information Systems Education -- IS Education Research: Review of Methods of Surveying the IS Curriculum to Support Future Development of IS Courses -- Strategic Implementation of &quot;professional Massive Open Online Courses&quot; (pMOOCs) as an Innovative Format for Transparent Part-Time Studying -- Part: Information Systems Applications -- Key Principles of Reference Model for Cost Allocation and Profitability Management -- A Systematic Approach for Evaluation and Selection of ERP Systems -- Job Satisfaction and Ethical Behaviors Premises of IT Users Insight from Poland -- Part: Information Systems Research -- Do Distracting Dashboards Matter? Evidence from an Eye Tracking Study -- Models of Research Activity Measurement: Web-Based Monitoring Implementation.</subfield>
  </datafield>
  <datafield tag="520" ind1=" " ind2=" ">
   <subfield code="a">This book constitutes the proceedings of the 7th Euro Symposium on Systems Analysis and Design, SIGSAND/PLAIS 2014, held in Gdańsk, Poland, in September 2014. The objective of this symposium is to promote and develop high-quality research on all issues related to systems analysis and design (SAND). It provides a forum for SAND researchers and practitioners in Europe and beyond to interact, collaborate, and develop their field. The 7 papers were carefully reviewed and selected with an acceptance rate of 40% cover topics in information systems evaluation and education, and they reflect current trends in systems analysis and design.</subfield>
  </datafield>
  <datafield tag="650" ind1=" " ind2="0">
   <subfield code="a">Information technology.</subfield>
  </datafield>
  <datafield tag="650" ind1=" " ind2="0">
   <subfield code="a">Business—Data processing.</subfield>
  </datafield>
  <datafield tag="650" ind1=" " ind2="0">
   <subfield code="a">Application software.</subfield>
  </datafield>
  <datafield tag="650" ind1=" " ind2="0">
   <subfield code="a">Education—Data processing.</subfield>
  </datafield>
  <datafield tag="650" ind1=" " ind2="0">
   <subfield code="a">Computer industry.</subfield>
  </datafield>
  <datafield tag="650" ind1="1" ind2="4">
   <subfield code="a">IT in Business.</subfield>
   <subfield code="0">https://scigraph.springernature.com/ontologies/product-market-codes/522000</subfield>
  </datafield>
  <datafield tag="650" ind1="2" ind2="4">
   <subfield code="a">Computer Appl. in Administrative Data Processing.</subfield>
   <subfield code="0">https://scigraph.springernature.com/ontologies/product-market-codes/I2301X</subfield>
  </datafield>
  <datafield tag="650" ind1="2" ind2="4">
   <subfield code="a">Computers and Education.</subfield>
   <subfield code="0">https://scigraph.springernature.com/ontologies/product-market-codes/I24032</subfield>
  </datafield>
  <datafield tag="650" ind1="2" ind2="4">
   <subfield code="a">The Computer Industry.</subfield>
   <subfield code="0">https://scigraph.springernature.com/ontologies/product-market-codes/I24016</subfield>
  </datafield>
  <datafield tag="650" ind1="2" ind2="4">
   <subfield code="a">Information Systems Applications (incl. Internet).</subfield>
   <subfield code="0">https://scigraph.springernature.com/ontologies/product-market-codes/I18040</subfield>
  </datafield>
  <datafield tag="700" ind1="1" ind2=" ">
   <subfield code="a">Wrycza, Stanisław.</subfield>
   <subfield code="e">editor.</subfield>
   <subfield code="4">edt</subfield>
   <subfield code="4">http://id.loc.gov/vocabulary/relators/edt</subfield>
  </datafield>
  <datafield tag="710" ind1="2" ind2=" ">
   <subfield code="a">SpringerLink (Online service)</subfield>
  </datafield>
  <datafield tag="773" ind1="0" ind2=" ">
   <subfield code="t">Springer Nature eBook</subfield>
  </datafield>
  <datafield tag="776" ind1="0" ind2="8">
   <subfield code="i">Printed edition:</subfield>
   <subfield code="z">9783319113746</subfield>
  </datafield>
  <datafield tag="776" ind1="0" ind2="8">
   <subfield code="i">Printed edition:</subfield>
   <subfield code="z">9783319113722</subfield>
  </datafield>
  <datafield tag="830" ind1=" " ind2="0">
   <subfield code="a">Lecture Notes in Business Information Processing,</subfield>
   <subfield code="x">1865-1348 ;</subfield>
   <subfield code="v">193</subfield>
  </datafield>
  <datafield tag="856" ind1="4" ind2="0">
   <subfield code="u">https://doi.org/10.1007/978-3-319-11373-9</subfield>
  </datafield>
  <datafield tag="912" ind1=" " ind2=" ">
   <subfield code="a">ZDB-2-SCS</subfield>
  </datafield>
  <datafield tag="912" ind1=" " ind2=" ">
   <subfield code="a">ZDB-2-SXCS</subfield>
  </datafield>
  <datafield tag="912" ind1=" " ind2=" ">
   <subfield code="a">ZDB-2-LNB</subfield>
  </datafield>
  <datafield tag="950" ind1=" " ind2=" ">
   <subfield code="a">Computer Science (SpringerNature-11645)</subfield>
  </datafield>
  <datafield tag="950" ind1=" " ind2=" ">
   <subfield code="a">Computer Science (R0) (SpringerNature-43710)</subfield>
  </datafield>
 </record>
</collection>
